|
|
|
|
| LEADER |
00000nab a2200000ua 4500 |
| 001 |
vtls010855055 |
| 003 |
SK-MaSNL |
| 005 |
20260303141419.0 |
| 008 |
230222s2009 xo |||||||||||||||||slo| |
| 035 |
|
|
|a (urnnbn)urn:nbn:sk:snk:ar-a07gs6
|
| 035 |
|
|
|a urn:nbn:sk:snk-ab6egn
|
| 035 |
|
|
|a (uuid)8499ec55-f8b1-43f7-bd99-e8f193386409
|
| 040 |
|
|
|a SNKBUCL
|b slo
|c SNKBUCL
|e AACR2
|
| 041 |
0 |
|
|a slo
|
| 044 |
|
|
|a xo
|c SK
|
| 100 |
1 |
|
|a Růžička, Jan
|4 aut
|9 314810
|
| 245 |
1 |
0 |
|a Realizácia nízkoenergetického rodinného domu
|c Jan Růžička, Radek Začal
|
| 700 |
1 |
|
|a Začal, Radek
|4 aut
|9 1161017
|
| 773 |
0 |
|
|t Stavebné materiály : technológie, výrobky, konštrukcie
|g Roč. 5, č. 1-2 (2009), s. 46-48
|
| 954 |
|
|
|a odborná, vedecká literatúra pôvodná (slovenská)
|2 lita
|
| 958 |
|
|
|a OND
|
| 958 |
|
|
|a EUIPO
|
| 958 |
|
|
|a article5
|
| 999 |
|
|
|c 1976113
|d 1978043
|